000
00294nam a2200133Ia 4500
008
191201s2009 xx 000 0 und d
100
_a
JAIN,RK
245
0
_a
Retail Management
250
_a
1st
260
_a
N. Delhi
_b
Vayu Edu. India
_c
2009
300
_a
342
650
_a
BBA
942
_2
ddc
_c
BK
999
_c
113
_d
113